Statistics for Famous Tims

Click here to take the quiz!

General Stats

  • This quiz has been taken 3,558 times
  • The average score is 8 of 17

Answer Stats

DescriptionFamous Tim% Correct
Director known for his many collaborations with Johnny DeppTim Burton
77%
"Home Improvement" starTim Allen
76%
Religious quarterbackTim Tebow
75%
Sickly "Christmas Carol" child who says "God bless us, everyone!"Tiny Tim
73%
"Shawshank Redemption" starTim Robbins
66%
Hugely popular country singer. A Taylor Swift song is named for himTim McGraw
64%
James Bond actor of the late 1980'sTimothy Dalton
56%
Oklahoma City bomberTimothy McVeigh
55%
Hockey player who started Canada's biggest coffee chainTim Horton
47%
Fundamentally-sound basketball player for the SpursTim Duncan
44%
Harvard LSD researcher who advised students to "turn on, tune in, drop out"Timothy Leary
33%
English actor who was the butler in "Clue"Tim Curry
27%
Skinny Giants pitcher known as "The Freak"Tim Lincecum
27%
Britain's great tennis hope prior to Andy MurrayTim Henman
24%
Long time Red Sox knuckleballerTim Wakefield
23%
Star of the TV shows "Deadwood" and "Justified"Timothy Olyphant
19%
Englishman who invented the World Wide WebTim Berners-Lee
14%

Score Distribution

Percentile by Number Answered

Percent of People with Each Score

Your Score History

You have not taken this quiz